| 000 | 00000nas##2200000za#4500 |
| 001 | 9.508663 |
| 003 | CaOODSP |
| 005 | 20200325101411 |
| 007 | ta |
| 008 | 150406c1998||||xxc|| p #||||f| |0fre|d |
| 040 | |aCaOODSP|bfre |
| 041 | |aeng |
| 041 | |afre |
| 043 | |an-cn--- |
| 086 | 1 |aRG79-3 |
| 110 | 1 |aCanada. |bConseil d'examen du prix des médicaments brevetés. |
| 245 | 13|aLa nouvelle |
| 260 | |aOttawa - Ontario : |bConseil d'examen du prix des médicaments brevetés |
| 310 | |aTrimestriel |
| 500 | |a«Cette publication à été conçue pour vous fournir les dernières informations sur les tendances des prix des médicaments et sur les activités du CEPMB.»--Page 1. |
| 500 | |aVoir H80-1 (1484-4346) pour les numéros plus récents. |
| 520 | 3 |aCette publication à été conçue pour vous fournir les dernières informations sur les tendances des prix des médicaments et sur les activités du CEPMB.--Page 1 |
| 546 | |aBilingue |
| 563 | |aCouverture souple |
| 776 | 0#|tLa nouvelle |w(CaOODSP)9.502464 |
| 791 | |tNewsletter |eeng|w(CaOODSP)9.508662 |